Guess the Fusion Rock Song Lyrics #60 - Statistics

General Stats
  • This quiz has been taken 17 times
  • The average score is 173 of 248
Answer Stats
Answer % Correct
a
100%
And
100%
can
100%
I
100%
so
100%
to
100%
You
100%
you
100%
all
89%
got
89%
I'll
89%
I'm
89%
it
89%
love
89%
me
89%
my
89%
no
89%
on
89%
the
89%
The
89%
When
89%
as
78%
could
78%
day
78%
every
78%
Gerry Rafferty
78%
how
78%
in
78%
it's
78%
It's
78%
need
78%
never
78%
Of
78%
of
78%
that
78%
That
78%
way
78%
Yeah
78%
your
78%
Cause
67%
down
67%
everything
67%
hold
67%
If
67%
is
67%
I've
67%
know
67%
loving
67%
mind
67%
Only
67%
only
67%
say
67%
see
67%
should
67%
them
67%
this
67%
was
67%
You've
67%
been
56%
before
56%
had
56%
Have
56%
just
56%
leave
56%
let
56%
line
56%
more
56%
much
56%
night
56%
over
56%
Right
56%
telling
56%
those
56%
wanna
56%
away
44%
crazy
44%
doubt
44%
life
44%
light
44%
shines
44%
woman
44%
won't
44%
behind
33%
believed
33%
brightest
33%
brought
33%
changes
33%
darkest
33%
dreams
33%
ground
33%
into
33%
lean
33%
left
33%
losing
33%
mark
33%
myself
33%
Northern
33%
Put
33%
put
33%
Star
33%
They'd
33%
through
33%
Through
33%
turn
33%
wanted
33%
better
22%
constant
22%
else
22%
Long
22%
share
22%
someone
22%
something
22%
threw
22%
inside
11%
No matching quizzes found
Score Distribution
Percent of People with Each Score
Percentile by Number Answered
Your Score History
You have not taken this quiz